LEADER 01636oam 2200541zu 450 001 9910140015503321 005 20251116163419.0 010 $a3-527-62658-1 035 $a(CKB)1000000000820642 035 $a(SSID)ssj0000353994 035 $a(PQKBManifestationID)11280739 035 $a(PQKBTitleCode)TC0000353994 035 $a(PQKBWorkID)10302350 035 $a(PQKB)11397709 035 $a(EXLCZ)991000000000820642 100 $a20160829d2009 uy 101 0 $aeng 181 $ctxt 182 $cc 183 $acr 200 00$aChemoprevention of cancer and DNA damage by dietary factors 210 31$a[Place of publication not identified]$cWiley VCH$d2009 300 $aBibliographic Level Mode of Issuance: Monograph 311 08$a3-527-32058-X 606 $aNeoplasms$xdrug therapy 606 $aChemoprevention$xmethods 606 $aDNA Damage 606 $aDiet Therapy 606 $aAnticarcinogenic Agents 606 $aMicronutrients$xtherapeutic use 606 $aOncology$2HILCC 606 $aMedicine$2HILCC 606 $aHealth & Biological Sciences$2HILCC 615 12$aNeoplasms$xdrug therapy. 615 22$aChemoprevention$xmethods. 615 22$aDNA Damage. 615 22$aDiet Therapy. 615 22$aAnticarcinogenic Agents. 615 22$aMicronutrients$xtherapeutic use. 615 7$aOncology 615 7$aMedicine 615 7$aHealth & Biological Sciences 702 $aKnasmu?ller$b Siegfried 801 0$bPQKB 906 $aBOOK 912 $a9910140015503321 996 $aChemoprevention of cancer and DNA damage by dietary factors$92238752 997 $aUNINA